10 najbardziej zaludnionych dzielnic Kielc - Statystyki

Ogólne statystyki
  • Ten quiz został rozwiązany 9 razy
  • Średni wynik to 7 z 10
Statystyki odpowiedzi
Populacja Dzielnica % Poprawnych
~9 000–11 000 Barwinek
100%
~7 500–9 500 Czarnów
100%
~5 000–7 000 Na Stoku
83%
~15 000–18 000 Ślichowice
83%
~6 000–8 000 Bocianek
67%
~13 000–15 000 KSM
50%
~5 500–7 000 Sady
50%
~12 000–14 000 Śródmieście
50%
~8 000–10 000 Białogon
33%
~7 300 Osiedle Świętokrzyskie
33%
Nie znaleziono quizów pasujących do podanych kryteriów
Rozkład punktacji
Procent ludzi z każdym wynikiem
Percentyl według liczby udzielonych odpowiedzi
Twoja historia wyników
Nie rozwiązałeś tego quizu